[Event "World op"]
[Site "Philadelphia"]
[Date "1995.??.??"]
[Round "8"]
[White "Kudrin, Sergey"]
[Black "Bonin, Jay R"]
[Result "1-0"]
[WhiteElo "2540"]
[BlackElo "2380"]

1.e4 e5 2.Nf3 Nc6 3.Bb5 a6 4.Ba4 d6 5.O-O Bd7 6.c3 g6 7.d4 Bg7 8.h3 Nf6 9.Re1 O-O
10.Nbd2 Qe8 11.Bb3 Qe7 12.Nf1 Rae8 13.Ng3 Qd8 14.Bc2 Bc8 15.Bg5 h6 16.Be3 Kh7
17.Qe2 Bd7 18.Rad1 Qc8 19.a3 Rd8 20.b4 Rfe8 21.Qc4 Re7 22.Qa2 Be8 23.d5 Nb8
24.c4 Nbd7 25.c5 Qb8 26.Bd3 Nf8 27.Rc1 Ba4 28.Nd2 Ne8 29.Nc4 Bf6 30.Bc2 Bxc2
31.Qxc2 Bg5 32.Na5 Bxe3 33.Rxe3 Ng7 34.Rc3 dxc5 35.bxc5 f5 36.Rb1 Qa8 37.Nxb7 Rb8
38.Rcb3 c6 39.Na5 Rxb3 40.Qxb3 cxd5 41.exd5 f4 42.Ne4 Nf5 43.Nc6 Nd4 44.Nxd4 exd4
45.d6 Rxe4 46.Qf7+ Kh8 47.Rb7 Qxb7 48.Qxb7 Re1+ 49.Kh2  1-0

[Event "Cappelle op"]
[Site "Cappelle la Grande "]
[Date "1996.??.??"]
[Round "4"]
[White "Lukov, Valentin"]
[Black "Kudrin, Sergey"]
[Result "1/2-1/2"]
[WhiteElo "2450"]
[BlackElo "2535"]

1.Nf3 c5 2.c4 Nf6 3.e3 g6 4.d4 Bg7 5.Na3 O-O 6.Be2 d5 7.O-O cxd4 8.exd4 dxc4
9.Bxc4 Nc6 10.Re1 Na5 11.Bf1 Be6 12.Bg5 Bd5 13.Ne5 Nc6 14.Bb5  1/2-1/2

[Event "Yerevan op"]
[Site "Yerevan"]
[Date "1996.??.??"]
[Round "6"]
[White "Kudrin, Sergey"]
[Black "Volzhin, Alexander"]
[Result "1/2-1/2"]
[WhiteElo "2535"]
[BlackElo "2485"]

1.e4 c6 2.d4 d5 3.Nc3 dxe4 4.Nxe4 Bf5 5.Ng3 Bg6 6.h4 h6 7.Nf3 Nd7 8.h5 Bh7
9.Bd3 Bxd3 10.Qxd3 Qc7 11.Bd2 e6 12.O-O O-O-O 13.Ne4 Ngf6 14.g3 Nxe4 15.Qxe4 Bd6
16.Rfd1 Rhe8 17.c4 c5 18.Bc3 Nf6 19.Qc2 cxd4 20.Bxd4 Bc5 21.Qe2 Bxd4 22.Rxd4  1/2-1/2

[Event "Yerevan op"]
[Site "Yerevan"]
[Date "1996.??.??"]
[Round "8"]
[White "Kudrin, Sergey"]
[Black "Chibukhchian, Artur"]
[Result "1-0"]
[WhiteElo "2535"]
[BlackElo "2280"]

1.e4 c5 2.Nf3 Nc6 3.d4 cxd4 4.Nxd4 Qc7 5.Nb5 Qb8 6.g3 a6 7.N5c3 e6 8.Bg2 Nf6
9.O-O Qc7 10.a4 Be7 11.Be3 O-O 12.Nd2 Rb8 13.Qe2 d6 14.Rfd1 Bd7 15.f4 Rfd8
16.Bf2 Be8 17.Nb3 Na5 18.Nxa5 Qxa5 19.g4 h6 20.Bf3 Rdc8 21.h4 Qb4 22.g5 hxg5
23.hxg5 Nd7 24.Bd4 Bd8 25.a5 Nf8 26.Qh2 Rc4 27.Ne2 Rxc2 28.Kf2 Bb5 29.Kg3 Ng6
30.Rh1 e5 31.Bc3 exf4+ 32.Kg2 Rxe2+ 33.Bxe2 Qxe4+ 34.Bf3 Qc2+ 35.Kh3 Bd7+
36.Bg4 Qd3+ 37.Kg2 Bxg4 38.Qh7+ Kf8 39.Qxg7+ Ke8  1-0

[Event "Yerevan op"]
[Site "Yerevan"]
[Date "1996.??.??"]
[Round "9"]
[White "Minasian, Ara"]
[Black "Kudrin, Sergey"]
[Result "1-0"]
[WhiteElo "2425"]
[BlackElo "2535"]

1.c4 e5 2.Nc3 Bb4 3.Nd5 Bc5 4.b4 Bd4 5.Rb1 a5 6.e3 Ba7 7.b5 d6 8.Qa4 Bb6
9.Nxb6 cxb6 10.Ba3 Nf6 11.Rd1 O-O 12.d4 e4 13.Ne2 Re8 14.Nc3 Bg4 15.Rc1 h5
16.h3 Bf5 17.Be2 Qe7 18.Kd2 Nbd7 19.Rcg1 Qe6 20.Qd1 h4 21.g4 hxg3 22.fxg3 g5
23.g4 Bg6 24.h4 Rac8 25.hxg5 Nh7 26.Rh5 f6 27.gxf6 Bxh5 28.gxh5+ Kh8 29.Nd5 Nhxf6
30.Nf4 Qf7 31.Qf1 Kh7 32.Qh3 Ng8 33.Bg4 Qxc4 34.Bf5+ Kh6 35.Rg6+ Kh7 36.Rxg8+ Kxg8
37.Qg4+ Kf8 38.Bxd6+ Re7 39.Ne6+  1-0

[Event "Chicago op"]
[Site "Chicago"]
[Date "1997.??.??"]
[Round "5"]
[White "Kudrin, Sergey"]
[Black "Reprintsev, Alexander"]
[Result "1/2-1/2"]
[WhiteElo "2515"]
[BlackElo "2425"]

1.e4 d5 2.exd5 Qxd5 3.Nc3 Qa5 4.d4 Nf6 5.Nf3 Nc6 6.h3 Ne4 7.Bd2 Nxd2 8.Nxd2 e6
9.Bb5 Bb4 10.O-O Bxc3 11.Bxc6+ bxc6 12.Nb3 Qb4 13.Qf3 Bxb2 14.Qxc6+ Ke7 15.Qxa8 Bxa1
16.Rxa1 Qb7 17.Qxb7 Bxb7 18.Nc5 Bd5 19.Rb1 Kd6 20.Rb4 e5 21.Nb3 Re8 22.Ra4 exd4
23.Nxd4 Re1+ 24.Kh2 Ra1 25.c4 Be6 26.Nb5+ Kc5 27.Nxc7 Bxc4 28.Rxa7 Re1 29.Ra8 Re2
30.Kg3 Kb6 31.Ne8 Re6 32.a3 Rg6+ 33.Kf4 Rxg2 34.Ke3 Be6 35.a4 Bxh3 36.a5+ Kb7
37.Rd8 Rg6 38.Rd6 Be6 39.Rb6+ Kc8 40.a6 Bd5 41.Rxg6 fxg6 42.Nxg7 Bc4 43.a7 Kb7
44.Kf4 h6 45.Ne8 Kxa7 46.Nf6 Be6 47.Ke5 Bb3 48.Ng4 h5 49.Nh2 Kb6  1/2-1/2

[Event "Gran Canaria op"]
[Site "Las Palmas"]
[Date "1997.??.??"]
[Round "?"]
[White "Tkachiev, Vladislav"]
[Black "Kudrin, Sergey"]
[Result "1/2-1/2"]
[WhiteElo "2615"]
[BlackElo "2535"]

1.e4 c5 2.Nf3 d6 3.Bc4 Nf6 4.d3 Nc6 5.c3 g6 6.O-O Bg7 7.Bb3 O-O 8.h3 b5 9.d4 Qc7
10.Qe2 c4 11.Bc2 Rb8 12.Rd1 e5 13.d5 Nd8 14.a4  1/2-1/2

[Event "Gran Canaria op"]
[Site "Las Palmas"]
[Date "1997.??.??"]
[Round "?"]
[White "Galego, Luis"]
[Black "Kudrin, Sergey"]
[Result "0-1"]
[WhiteElo "2440"]
[BlackElo "2535"]

1.e4 c5 2.Nf3 d6 3.c3 Nf6 4.Bd3 Bg4 5.h3 Bxf3 6.Qxf3 Nc6 7.Bc2 g6 8.O-O Bg7
9.d3 O-O 10.Qe2 b5 11.Nd2 Nd7 12.Nf3 Qb6 13.a3 a5 14.Bg5 b4 15.Qd2 bxc3 16.bxc3 a4
17.Rab1 Qa5 18.c4 Bc3 19.Qd1 Nde5 20.Nxe5 Bxe5 21.Bd2 Qa7 22.Be3 Nd4 23.Bxd4 Bxd4
24.Rb5 Rfb8 25.Qd2 Rxb5 26.cxb5 Qb6 27.Rb1 Ra5 28.Qd1 Rxb5 29.Rxb5 Qxb5 30.Bxa4 Qb2
31.Qc2 Qa1+ 32.Qd1 Qxa3 33.Bc2 Kg7 34.Bb3 e6 35.Qc2 Qa8 36.Qa2 Qd8 37.g3 h5
38.h4 g5 39.Qe2 gxh4 40.Qxh5 Qf6 41.Qg4+ Kf8 42.Qf4 Qxf4 43.gxf4 Ke7 44.Kg2 Kd8
45.f3 Ke7 46.Kh3 Bf2 47.Bc4 Bg3 48.Bb3 Kf6 49.Kg4 Kg6 50.Bc4 f5+ 51.Kh3 Kf6
52.e5+ dxe5 53.fxe5+ Kxe5 54.Kg2 f4 55.Bb5 Kd4 56.Ba6 e5 57.Bb5 Be1 58.Ba6 Ke3
59.Bb5 h3+ 60.Kxh3 Kxf3 61.Ba6 Bc3 62.Bc8 Bd4  0-1

[Event "Gran Canaria op"]
[Site "Las Palmas"]
[Date "1997.??.??"]
[Round "?"]
[White "Gomez, M."]
[Black "Kudrin, Sergey"]
[Result "1/2-1/2"]
[WhiteElo "2490"]
[BlackElo "2535"]

1.Nf3 c5 2.c4 b6 3.Nc3 Bb7 4.e3 Nf6 5.d4 cxd4 6.exd4 e6 7.Bd3 d6 8.O-O Be7
9.d5 e5 10.Ng5 O-O 11.f4 exf4 12.Bxf4 Nbd7 13.Kh1 Ne5 14.Bxe5 dxe5 15.Rxf6 Bxf6
16.Nxh7 g6 17.Nxf8 Qxf8 18.Ne4 Bg7 19.Qg4 Qe7 20.d6 Qe8 21.c5 Bd5 22.Qh4 bxc5
23.Nxc5 Qc6 24.Ne4 Rb8 25.Rf1 Bxe4 26.Qxe4 Qxe4 27.Bxe4 Rxb2 28.Bd5 Rd2 29.Bb3 Kh7
30.Rxf7 Rxd6 31.Rxa7 Rc6 32.h4 Kh6 33.Kh2 Bf6 34.Kh3 e4 35.Bg8 g5 36.Rh7+ Kg6
37.h5+ Kf5 38.Rf7 Rc3+ 39.g3 g4+ 40.Kg2 Rc2+ 41.Kf1 Rc1+ 42.Ke2 Rc2+ 43.Kf1 Rc1+  1/2-1/2

[Event "Gran Canaria op"]
[Site "Las Palmas"]
[Date "1997.??.??"]
[Round "?"]
[White "Kudrin, Sergey"]
[Black "Menvielle Lacourrelle, Augusto"]
[Result "1/2-1/2"]
[WhiteElo "2535"]
[BlackElo "2295"]

1.e4 e6 2.d4 d5 3.Nd2 c5 4.exd5 Qxd5 5.Ngf3 cxd4 6.Bc4 Qd6 7.O-O Nc6 8.Nb3 Nf6
9.Nbxd4 Nxd4 10.Nxd4 a6 11.Bb3 Bd7 12.c3 Qc7 13.Bg5 Bd6 14.Bxf6 gxf6 15.Qh5 Qc5
16.Qf3 Qe5 17.g3 O-O-O 18.Rfe1 Qg5 19.Bc4 Qc5 20.Bf1 f5 21.b4 Qc7 22.a4 Kb8
23.Bg2 f4 24.b5 Bc5 25.bxa6 Bxd4 26.Rab1 Bb6 27.a5 Bc6 28.axb6 Qd6 29.a7+ Ka8
30.Qh5 fxg3 31.hxg3 Bxg2 32.Kxg2 Rd7 33.Kg1 Qc6 34.Red1 Rxd1+ 35.Qxd1 h5
36.Qd4 Re8 37.c4 e5 38.Qd5 Qg6 39.Rb5 h4 40.Rc5 Qb1+ 41.Kg2 Rg8 42.Rc7 Qxb6
43.Qxf7 Rh8 44.g4 Qd4 45.Qf3 e4 46.Qf4 Qd3 47.Rf7 Qxc4 48.g5 Qd5 49.Rf5 Qc6
50.Rf6 Qd5 51.Rf5 Qc6 52.Rf6  1/2-1/2

[Event "Gran Canaria op"]
[Site "Las Palmas"]
[Date "1997.??.??"]
[Round "?"]
[White "Kudrin, Sergey"]
[Black "Solana Suarez, Ernesto"]
[Result "1-0"]
[WhiteElo "2525"]
[BlackElo "2295"]

1.e4 c5 2.Nf3 Nc6 3.d4 cxd4 4.Nxd4 Nf6 5.Nc3 e5 6.Ndb5 d6 7.Bg5 a6 8.Na3 b5
9.Bxf6 gxf6 10.Nd5 Bg7 11.c3 f5 12.exf5 Bxf5 13.Nc2 Be6 14.g3 O-O 15.Bg2 a5
16.Qh5 f5 17.Nce3 Rb8 18.O-O Qd7 19.g4 Kh8 20.Rad1 Bxd5 21.Bxd5 Ne7 22.gxf5 Nxf5
23.Qh3 Rf6 24.Kh1 Qc8 25.Be4 Nh6 26.Qxc8+ Rxc8 27.Rd5 Rc5 28.f3 Rxd5 29.Nxd5 Rf7
30.Ra1 Rb7 31.b4 Ra7 32.c4 bxc4 33.b5 Rb7 34.a4 Ng8 35.Rc1 Rb8 36.Rxc4 Nf6
37.b6 Nd7 38.Rc6 Nc5 39.b7 Bf8 40.Rc8 Nd7  1-0

[Event "US-op"]
[Site "Las Vegas"]
[Date "1997.??.??"]
[Round "1"]
[White "Zerm, Alfred"]
[Black "Kudrin, Sergey"]
[Result "0-1"]
[WhiteElo "2120"]
[BlackElo "2610"]

1.d4 Nf6 2.c4 g6 3.Nc3 d5 4.Bg5 Ne4 5.Bh4 Nxc3 6.bxc3 dxc4 7.e4 b5 8.a4 c6
9.Nf3 Bg7 10.Be2 O-O 11.O-O a6 12.Qc2 Bb7 13.Rfd1 Nd7 14.d5 cxd5 15.exd5 Nf6
16.axb5 axb5 17.Rab1 Ra5 18.Bxc4 bxc4 19.Rxb7 Rxd5 20.Re1 e6 21.Qe4 Qc8 22.Rb4 Rc5
23.Ne5 Nd5 24.Rxc4 Bxe5 25.Rxc5 Qxc5 26.Qxe5 Qxc3 27.Qe4 Rb8 28.h3 Rb4  0-1

[Event "New York op"]
[Site "New York"]
[Date "1997.??.??"]
[Round "?"]
[White "Gulko, Boris F"]
[Black "Kudrin, Sergey"]
[Result "1/2-1/2"]
[WhiteElo "2595"]
[BlackElo "2515"]

1.c4 c5 2.Nf3 b6 3.e3 Nf6 4.d4 cxd4 5.exd4 e6 6.Nc3 Bb7 7.Bd3 d6 8.O-O Be7
9.Re1 O-O 10.a3 Nbd7 11.b4 Re8 12.Nd2 Rc8 13.Nb3 Ba6 14.b5 Bb7 15.Bf4 d5
16.Qe2 dxc4 17.Bxc4 Nf8 18.Red1 Nd5 19.Nxd5 Bxd5 20.Nd2 Ng6 21.Bg3 Bh4 22.Rdc1 Bxg3
23.hxg3 Qd6 24.Qd3 Ne7 25.Bxd5 Qxd5 26.Nf3 f6 27.a4 Rxc1+ 28.Rxc1 Rc8 29.Rxc8+  1/2-1/2

[Event "Eastern op"]
[Site "Washington DC"]
[Date "1997.??.??"]
[Round "2"]
[White "Ritvin, Stanislav"]
[Black "Kudrin, Sergey"]
[Result "0-1"]
[WhiteElo "2175"]
[BlackElo "2535"]

1.Nf3 c5 2.g3 g6 3.Bg2 Bg7 4.O-O Nc6 5.d3 e6 6.e4 Nge7 7.Re1 d6 8.c3 O-O
9.Bf4 e5 10.Be3 h6 11.Na3 f5 12.exf5 Nxf5 13.Nc2 Qf6 14.Nd2 Be6 15.f4 Nxe3
16.Nxe3 exf4 17.Nd5 Bxd5 18.Bxd5+ Kh8 19.Re6 Qf5 20.Qf3 Be5 21.Qe4 Qg5 22.d4 cxd4
23.cxd4 fxg3 24.dxe5 Qxd2 25.hxg3 Rac8 26.Bc4 d5 27.Qxd5 Qf2+ 28.Kh1 Rf5
29.g4 Qh4+  0-1

[Event "Eastern op"]
[Site "Washington DC"]
[Date "1997.??.??"]
[Round "7"]
[White "Kudrin, Sergey"]
[Black "Ivanov, Alexander V"]
[Result "1/2-1/2"]
[WhiteElo "2535"]
[BlackElo "2565"]

1.e4 e5 2.Nf3 Nc6 3.Bb5 a6 4.Ba4 Nf6 5.O-O Be7 6.Re1 b5 7.Bb3 d6 8.c3 O-O
9.d3 Na5 10.Bc2 c5 11.Nbd2 Re8 12.Nf1 Bb7 13.h3 h6 14.Ng3 Bf8 15.d4 cxd4
16.cxd4 exd4 17.Nxd4 Nc6 18.Nxc6 Bxc6 19.Bf4 Ra7 20.Qd3 Rd7 21.Rad1 g6 22.f3 Bg7
23.Qa3 Qb6+ 24.Be3 Qc7 25.Bd4 a5 26.b4 Ra8 27.bxa5 Qxa5 28.Qxa5 Rxa5 29.Bb3 Ra8
30.Re2 Ne8 31.Bxg7 Kxg7 32.Rc2 Rc7 33.Rdc1 Rac8 34.Kf2 Bd7 35.Rxc7 Rxc7 36.Rxc7 Nxc7
37.Ke3 Kf6 38.Ne2 Be6 39.Kd4 Ke7 40.Kc3 Bxb3 41.axb3 d5 42.e5 Ne6 43.h4 Kd7
44.g3 Kc7 45.b4 Kd7 46.Kd3 Nc7 47.g4 Ke7 48.Nc3 Kd7 49.f4 Kc6 50.f5 gxf5
51.gxf5 Na6  1/2-1/2

[Event "Tan Chin Nam"]
[Site "Beijing"]
[Date "1998.06.12"]
[Round "5"]
[White "Kudrin, Sergey"]
[Black "Magem Badals, Jorge"]
[Result "1/2-1/2"]
[WhiteElo "2565"]
[BlackElo "2535"]

1.e4 c6 2.d4 d5 3.Nc3 dxe4 4.Nxe4 Bf5 5.Ng3 Bg6 6.h4 h6 7.Nf3 Nf6 8.Ne5 Bh7
9.Bd3 Bxd3 10.Qxd3 e6 11.Bf4 Qa5+ 12.Bd2 Bb4 13.c3 Be7 14.Ne4 Nxe4 15.Qxe4 Nd7
16.Nxd7 Kxd7 17.c4 Bb4 18.Rd1 Rad8 19.a3  1/2-1/2

[Event "Tan Chin Nam"]
[Site "Beijing"]
[Date "1998.06.14"]
[Round "7"]
[White "Kudrin, Sergey"]
[Black "Xie Jun"]
[Result "1/2-1/2"]
[WhiteElo "2565"]
[BlackElo "2485"]

1.e4 e5 2.Nf3 Nc6 3.Bb5 a6 4.Ba4 Nf6 5.O-O Be7 6.Re1 b5 7.Bb3 O-O 8.d3 d6
9.c3 Na5 10.Bc2 c5 11.Nbd2 Re8 12.Nf1 Bf8 13.Bg5 h6 14.Bh4 Be7 15.Ne3 Nc6
16.d4 Nh7 17.Bxe7 Qxe7 18.a4 Rb8 19.axb5 axb5 20.Nd5 Qd8 21.dxc5 dxc5 22.Qc1 Bg4
23.Qe3 Bxf3 24.Qxf3 Ng5 25.Qe3 Ne6 26.Ra6 Qc8 27.Rea1 Ne7 28.Ra7 Rb7 29.g3 Rxa7
30.Rxa7 Nc6 31.Ra1 Qb7 32.Bd3 Ne7 33.Nxe7+ Rxe7 34.Ra5 c4 35.Be2 Qc6 36.h4 Rd7
37.Kh2 Nc5 38.Bxc4 Qxe4 39.Qxe4 Nxe4 40.Rxb5 Nxf2 41.Kg2 Ng4 42.Kf3 h5 43.Bd5 Nf6
44.Be4 g6 45.Rxe5 Rd2 46.Rb5 Ng4 47.Bd5 Kg7 48.Bc4 f5 49.Be2 Rc2 50.c4 Kf6
51.Rb6+ Ke5 52.c5 Kd4 53.b4 Ne5+ 54.Kf2 Nd3+ 55.Kf3 Ne5+ 56.Kf2 Nd3+ 57.Kf1 Rc1+
58.Kg2 Rc2 59.Rd6+ Ke4 60.Re6+ Kd5 61.Rd6+ Ke4 62.Re6+  1/2-1/2

[Event "Tan Chin Nam"]
[Site "Beijing"]
[Date "1998.06.17"]
[Round "10"]
[White "Kudrin, Sergey"]
[Black "Liang Chong"]
[Result "1-0"]
[WhiteElo "2565"]
[BlackElo "2405"]

1.e4 c6 2.Nc3 d5 3.Nf3 Bg4 4.h3 Bxf3 5.Qxf3 d4 6.Nb1 e6 7.Bc4 Nd7 8.Qg3 Ngf6
9.d3 Qa5+ 10.Nd2 Nh5 11.Qh2 Ne5 12.O-O Bb4 13.Nb3 Qc7 14.Nxd4 Bd6 15.Qh1 O-O-O
16.g4 Nf6 17.Bxe6+ Kb8 18.Bb3 h5 19.g5 Nfg4 20.Nf5 Bc5 21.Bf4 Nxf2 22.Rxf2 Bxf2+
23.Kxf2 Nxd3+ 24.cxd3 Qxf4+ 25.Ke2 Qxg5 26.Qg1 Qxg1 27.Rxg1 g6 28.Ne3 Rd7
29.Rf1 Rf8 30.Ng2 a5 31.a4 b5 32.axb5 cxb5 33.Rf6 Rc7 34.Ne3 Ka7 35.e5 a4
36.Bd5 Re8 37.d4 Ree7 38.Bc6 Re6 39.Rxe6 fxe6 40.Bxb5 Rb7 41.Bxa4 Rxb2+ 42.Kf3 Rb4
43.Be8 g5 44.Ke4 g4 45.hxg4 h4 46.g5 h3 47.Ng4 Rb2 48.Bf7 Rg2 49.Bxe6  1-0

[Event "National Congress 29th"]
[Site "Philadelphia"]
[Date "1998.11.27"]
[Round "1"]
[White "Kudrin, Sergey"]
[Black "Traldi, Matthew"]
[Result "1/2-1/2"]
[WhiteElo "2540"]
[BlackElo "2090"]

1.e4 d6 2.d4 Nf6 3.Nc3 g6 4.Be3 c6 5.Qd2 b5 6.Bd3 Nbd7 7.Nf3 a6 8.O-O Bg7
9.Bh6 O-O 10.Bxg7 Kxg7 11.e5 dxe5 12.dxe5 Ng4 13.Qf4 Nc5 14.Be2 Nh6 15.a4 Bf5
16.Nd4 Ne6 17.Nxf5+ Nxf5 18.Qe4 Nfd4 19.Bg4 Qb6 20.Rfd1 Rad8 21.Qe3 Qc5 22.Bxe6 Nxe6
23.Qxc5 Nxc5 24.axb5 axb5 25.Kf1 Ra8 26.Ke1 b4 27.Ne2 b3 28.Rxa8 Rxa8 29.cxb3 Nxb3
30.Nd4 Nxd4 31.Rxd4 Rb8 32.Rd2 Rb5 33.f4 g5 34.g3 Kg6 35.Rc2 gxf4 36.gxf4 Kf5
37.Rxc6 Rxb2 38.Rh6 Kxf4 39.Rxh7 Kxe5 40.Rxf7 Rxh2  1/2-1/2

[Event "National Congress 29th"]
[Site "Philadelphia"]
[Date "1998.11.28"]
[Round "3"]
[White "Kudrin, Sergey"]
[Black "Shapiro, Daniel E"]
[Result "1-0"]
[WhiteElo "2540"]
[BlackElo "2305"]

1.e4 e6 2.d4 d5 3.Nd2 dxe4 4.Nxe4 Bd7 5.Nf3 Bc6 6.Bd3 Nd7 7.O-O Ngf6 8.Ned2 Be7
9.Re1 O-O 10.c3 Re8 11.Nc4 Bxf3 12.Qxf3 c6 13.a4 a5 14.Bf4 Nf8 15.Bg3 Nd5
16.Ne5 Nf6 17.h4 N8d7 18.Rad1 Bf8 19.h5 g6 20.Bc2 Nxe5 21.dxe5 Nd7 22.hxg6 fxg6
23.Qg4 Qc7 24.Rd6 Nxe5 25.Bxe5 Bxd6 26.Bxg6 Bxe5 27.Bxe8+ Kh8 28.Qxe6 Bh2+
29.Kh1 Qd6 30.g3  1-0

[Event "Boston op"]
[Site "Boston"]
[Date "1998.??.??"]
[Round "1"]
[White "Kudrin, Sergey"]
[Black "Shmulevich, Mark"]
[Result "1-0"]
[WhiteElo "2565"]
[BlackElo "2160"]

1.e4 e6 2.d4 d5 3.Nd2 c5 4.exd5 Qxd5 5.Ngf3 cxd4 6.Bc4 Qd6 7.O-O Nf6 8.Nb3 Nc6
9.Nbxd4 Nxd4 10.Nxd4 Bd7 11.b3 O-O-O 12.Bb2 Qc7 13.Qe2 h5 14.h3 Bc5 15.Rfd1 Ng4
16.hxg4 hxg4 17.Qxg4 Qh2+ 18.Kf1 e5 19.Nf5 g6 20.Rd5 Bf8 21.Bd3 gxf5 22.Bxf5 Qh1+
23.Ke2 Qh5 24.Rxd7 Qxg4+ 25.Bxg4 Rxd7 26.Rd1  1-0

[Event "World op"]
[Site "Philadelphia"]
[Date "1998.??.??"]
[Round "9"]
[White "Kudrin, Sergey"]
[Black "Ariel, Donny"]
[Result "1/2-1/2"]
[WhiteElo "2565"]
[BlackElo "2290"]

1.e4 e5 2.Bc4 Nf6 3.d3 Nc6 4.Nf3 Bc5 5.c3 d6 6.b4 Bb6 7.O-O O-O 8.Bb3 Be6
9.Nbd2 Bxb3 10.Qxb3 a6 11.Nc4 Ba7 12.a4 d5 13.Ncxe5 dxe4 14.Nxc6 bxc6 15.dxe4 Nxe4
16.c4 Rb8 17.Qc2 Re8 18.Rb1 a5 19.b5 cxb5 20.cxb5 c6 21.Bf4 Rc8 22.Rfd1 Qf6
23.b6 Bxb6 24.Rxb6 Qxf4 25.Rxc6 Rxc6 26.Qxc6 Nf6 27.Qb5 Qc7 28.g3 h6 29.Rd4 Rb8
30.Qd3 Re8 31.Qb5 Rb8 32.Qc4 Qb7 33.Qd3 Qc7 34.Rc4 Qe7 35.Qc3 Rb1+ 36.Kg2 Qe2
37.Rc8+ Kh7 38.Qc2+ Qxc2 39.Rxc2 Rb4 40.Ra2 Ne4 41.Ne5 Nc3 42.Ra3 Nb1  1/2-1/2

[Event "World op"]
[Site "Philadelphia"]
[Date "1999.07.04"]
[Round "6"]
[White "Mac Intyre, Paul"]
[Black "Kudrin, Sergey"]
[Result "1/2-1/2"]
[WhiteElo "2351"]
[BlackElo "2543"]

1.e4 c5 2.Nf3 d6 3.g3 g6 4.Bg2 Bg7 5.O-O Nc6 6.c3 e5 7.d3 Nge7 8.a3 O-O 9.b4 a6
10.Nbd2 h6 11.Bb2 Be6 12.Rb1 Qc7 13.d4 exd4 14.cxd4 cxd4 15.Nb3 Bxb3 16.Qxb3 Qb6
17.Rfd1 Rad8 18.Rd2 d5 19.e5 Nxe5 20.Nxe5 Bxe5 21.Rbd1 Nf5 22.Bxd5 h5 23.Be4 Ne7
24.Qc4 Rc8 25.Qe2 Rfe8 26.Qf3 Nc6 27.Bxc6 Qxc6 28.Qxc6 Rxc6 29.Bxd4 Bxd4
30.Rxd4 Rc3 31.R1d3 Rxd3 32.Rxd3  1/2-1/2

[Event "World Open"]
[Site "Philadelphia USA"]
[Date "2000.07.04"]
[Round "8"]
[White "Tegshsuren,E"]
[Black "Kudrin,S"]
[Result "0-1"]
[WhiteElo "2415"]
[BlackElo "2496"]

1.d4 Nf6 2.c4 g6 3.Nc3 d5 4.Nf3 Bg7 5.Qb3 dxc4 6.Qxc4 O-O 7.e4 Nc6 8.Be2 Bg4
9.Be3 Bxf3 10.gxf3 e5 11.d5 Nd4 12.Nb5 Nxb5 13.Qxb5 Nh5 14.O-O-O Nf4 15.Kb1 Qh4
16.Qc4 Rac8 17.Bc5 Rfd8 18.Qc2 Bf8 19.Be3 c6 20.d6 Rxd6 21.Rxd6 Bxd6 22.Bxa7 Ne6
23.Rd1 Nd4 24.Bxd4 exd4 25.Rxd4 Qxh2 26.Qd1 Be5 27.Rd7 Rc7 28.Rd8+ Kg7 29.Re8 h5
30.a3 b5 31.Qd8 Kh7 32.Bd1 Ra7 33.Qc8 Bd4 34.Qxc6 Qxf2 35.Qxb5 Rc7 36.Qb3 Qd2
37.Ka2 Bg7 38.e5 Rc1 39.e6 fxe6 40.Rxe6 Qxd1 41.Qxd1 Rxd1 42.a4 Rd2 43.Rb6 h4
44.a5 Rd5 45.b4 h3 46.Rc6 h2 47.Rc1 Bd4 48.Rh1 Bg1 49.Kb3 Rd3+ 50.Ka4 Rxf3
51.b5 Rf4+ 52.Kb3 g5  0-1

[Event "Governors Cup"]
[Site "Sioux Falls USA"]
[Date "2000.09.30"]
[Round "2"]
[White "Schill,W"]
[Black "Kudrin,S"]
[Result "0-1"]
[WhiteElo "2280"]
[BlackElo "2514"]

1.e4 c5 2.Nf3 d6 3.d4 cxd4 4.Nxd4 Nf6 5.Nc3 a6 6.Be2 g6 7.Be3 Nbd7 8.Qd2 b5
9.a4 bxa4 10.f3 Bg7 11.O-O Bb7 12.Rxa4 Nc5 13.Ra2 O-O 14.b4 Ncd7 15.Nb3 Qc7
16.Bd4 Rfc8 17.Na5 Ne8 18.Nd5 Bxd5 19.exd5 Bxd4+ 20.Qxd4 Qc3 21.Rd1 Nef6
22.Nb3 Rab8 23.Bxa6 Rxb4 24.Qxb4 Qxb4 25.Bxc8 Nb6 26.Bb7 Nc4 27.Bc6 Ne3 28.Rda1 Qc3
29.Kh1 Nh5 30.Rg1 Nf4 31.Nc1 Nxc2 32.Ra8+ Kg7 33.Ra7 Qe3 34.Ra4 f5 35.h3 Nd4
36.Rd1 Nxf3 37.Rf1 Nd4 38.Nb3 Nde2  0-1

[Event "Governors Cup"]
[Site "Sioux Falls USA"]
[Date "2000.09.30"]
[Round "3"]
[White "Kudrin,S"]
[Black "Valvo,M"]
[Result "1/2-1/2"]
[WhiteElo "2514"]
[BlackElo "2368"]

1.e4 c5 2.Nf3 d6 3.Nc3 Nf6 4.d4 cxd4 5.Nxd4 g6 6.f3 Bg7 7.Be3 O-O 8.Qd2 Nc6
9.Bc4 Bd7 10.Bb3 Qc7 11.O-O-O Ne5 12.h4 Nc4 13.Bxc4 Qxc4 14.h5 b5 15.b3 Qb4
16.hxg6 fxg6 17.Bh6 Bxh6 18.Rxh6 Qc5 19.Nde2 Rac8 20.Rhh1 a5 21.Kb1 a4 22.Nd5 Nxd5
23.Qxd5+ Kg7 24.Qd4+ Kg8 25.Qd5+ Kg7 26.Qd4+ Kg8  1/2-1/2

[Event "XIII Carlos Torre Open"]
[Site "Merida MEX"]
[Date "2000.12.15"]
[Round "1"]
[White "Vega,J"]
[Black "Kudrin,S"]
[Result "0-1"]
[WhiteElo "2282"]
[BlackElo "2514"]

1.e4 c5 2.Nf3 d6 3.c3 Nf6 4.Bd3 Nc6 5.Bc2 Bg4 6.d3 Bxf3 7.Qxf3 g6 8.O-O Bg7
9.Nd2 O-O 10.Qe2 b5 11.Nf3 Qb6 12.h3 b4 13.c4 Qa6 14.Qd1 Nd8 15.Re1 Ne6 16.Ba4 Qb7
17.Be3 Rac8 18.Rc1 Nh5 19.Rc2 f5 20.Bc1 Nd4 21.Nxd4 Bxd4 22.Qe2 f4 23.Qg4 Rcd8
24.b3 e5 25.Bb2 Bxb2 26.Rxb2 Ng7 27.Ra1 Rf6 28.Kh2 Ne6 29.Qd1 Nd4 30.f3 Kg7
31.Qd2 h5 32.a3 a6 33.axb4 cxb4 34.Rc1 Rc8 35.c5 Rxc5 36.Rxc5 dxc5 37.Qc1 Qc7
38.Qc4 Qe7 39.Qd5 g5 40.Qd7 Qxd7 41.Bxd7 Rd6 42.Be8 Kh6 43.Bf7 g4 44.hxg4 hxg4
45.fxg4 Kg5 46.Ra2 Kxg4 47.Bc4 Rh6+ 48.Kg1 Kg3  0-1

[Event "XIII Carlos Torre Open"]
[Site "Merida MEX"]
[Date "2000.12.16"]
[Round "2"]
[White "Kudrin,S"]
[Black "Amura,C"]
[Result "1/2-1/2"]
[WhiteElo "2514"]
[BlackElo "2351"]

1.e4 c5 2.Nf3 e6 3.d4 cxd4 4.Nxd4 Nf6 5.Nc3 Nc6 6.Ndb5 Bb4 7.a3 Bxc3+ 8.Nxc3 d5
9.exd5 exd5 10.Bd3 O-O 11.O-O d4 12.Ne2 Bg4 13.Bf4 Qd5 14.Qd2 Rac8 15.Ng3 Nh5
16.c4 Qd7 17.b4 Rfe8 18.Rfe1 Rxe1+ 19.Rxe1 Re8 20.Nxh5 Bxh5 21.Bf5 Qd8 22.Bc7 Rxe1+
23.Qxe1 Qf8 24.c5 a6 25.Bd6 Qd8 26.Bc7 Qf8 27.Qe4 Bg6 28.Bxg6 hxg6 29.h4 Qc8
30.Bd6 Qd7 31.Kf1 Qd8 32.Ke2 Qd7 33.Kd3 Na7 34.Qxd4 Nb5 35.Qb2 Nxd6 36.cxd6 Qxd6+
37.Qd4 Qc6 38.f3 Qa4 39.Qc3 Qd1+ 40.Ke3 Qg1+ 41.Ke4 Qxg2 42.Qc8+ Kh7 43.Qxb7 Qc2+
44.Kf4 Qc1+ 45.Kg3 Qxa3 46.h5 gxh5 47.Qxf7 h4+ 48.Kh3 Qxb4 49.Qh5+ Kg8 50.Qd5+ Kf8
51.Qd8+ Kf7  1/2-1/2

[Event "XIII Carlos Torre Open"]
[Site "Merida MEX"]
[Date "2000.12.18"]
[Round "5"]
[White "Kudrin,S"]
[Black "Vera,R"]
[Result "1/2-1/2"]
[WhiteElo "2514"]
[BlackElo "2584"]

1.e4 c5 2.Nf3 d6 3.d4 cxd4 4.Nxd4 Nf6 5.Nc3 a6 6.a4 Nc6 7.Bc4 e6 8.O-O Be7
9.Be3 O-O 10.Kh1 Bd7 11.f4 Rc8 12.Qe2 Nxe4 13.Nxe4 d5 14.Bd3 dxe4 15.Bxe4 Nxd4
16.Bxd4 Bc6 17.Rad1 Bxe4 18.Qxe4 Qc7  1/2-1/2

[Event "US Open"]
[Site "Framingham USA"]
[Date "2001.08.11"]
[Round "8"]
[White "Kudrin,S"]
[Black "Sagalchik,G"]
[Result "1/2-1/2"]
[WhiteElo "2519"]
[BlackElo "2537"]

1.e4 e5 2.Nf3 Nc6 3.Bc4 Nf6 4.d3 Bc5 5.c3 d6 6.O-O a6 7.Bb3 Ba7 8.Re1 Qe7
9.Nbd2 Be6 10.Nf1 h6 11.Ng3 g6 12.Ba4 Bd7 13.d4 Kf8 14.h3 Kg7 15.Be3 h5 16.Bg5 Qe8
17.Bc2 Ng8 18.Qd2 f6 19.Be3 h4 20.Nf1 Rd8 21.Rad1 Bb8 22.b4 Nce7 23.dxe5 dxe5
24.Ba4 b5 25.Bb3 Nc8 26.Qc1 g5 27.N3h2 Nh6 28.Nd2 Nd6 29.c4 Ndf7 30.f3 Ng8
31.Nb1 Ne7 32.Nc3 Nc6 33.Nd5 Nd4 34.Qc3 c6 35.Nb6 Be6 36.c5 Bxb3 37.axb3 Ne2+
38.Rxe2 Rxd1+ 39.Kf2 Qd8 40.Ra2 Qd3 41.Qxd3 Rxd3 42.Rxa6 Rxb3 43.Bd2 Rb2
44.Nf1 Rd8 45.Ke2 Nh8 46.Na8 Ng6 47.Rxc6 Nf4+ 48.Kf2 Nd3+ 49.Kg1 Nxb4 50.Bxb4 Rxb4
51.Nb6 Rd3 52.Rc8  1/2-1/2

[Event "National Open"]
[Site "Las Vegas USA"]
[Date "2002.03.09"]
[Round "3"]
[White "Kudrin,S"]
[Black "Zerm,A"]
[Result "1-0"]
[WhiteElo "2524"]
[BlackElo "2186"]

1.e4 e6 2.d4 d5 3.Nd2 Nf6 4.e5 Nfd7 5.Bd3 c5 6.c3 Nc6 7.Ne2 cxd4 8.cxd4 Nb6
9.O-O Bd7 10.a3 a5 11.f4 g6 12.Nf3 h5 13.Nc3 a4 14.Bc2 Ne7 15.g3 Nf5 16.Rf2 Qb8
17.Bd3 Qd8 18.Bd2 Rc8 19.Re2 Be7 20.Be1 Kf8 21.h3 Qe8 22.g4 hxg4 23.hxg4 Nh6
24.Rg2 Nc4 25.Qe2 b5 26.Na2 Rb8 27.Bb4 Rb6 28.Rf1 Bxb4 29.Nxb4 Ke7 30.Ng5 Kd8
31.Rh2 Kc8 32.Rf3 Nxg4 33.Rxh8 Qxh8 34.Rh3  1-0

[Event "11th Open"]
[Site "Chicago USA"]
[Date "2002.05.26"]
[Round "5"]
[White "Filipovich,D"]
[Black "Kudrin,S"]
[Result "0-1"]
[WhiteElo "2222"]
[BlackElo "2540"]

1.Nf3 c5 2.g3 g6 3.Bg2 Bg7 4.c4 Nc6 5.O-O e6 6.Nc3 Nge7 7.e3 Nf5 8.b3 O-O
9.Bb2 d5 10.cxd5 exd5 11.d4 cxd4 12.Nxd4 Nfxd4 13.exd4 Bxd4 14.Bxd5 Bh3 15.Bg2 Bxg2
16.Kxg2 Qf6 17.Qf3 Qxf3+ 18.Kxf3 Ne5+ 19.Kg2 Rac8 20.Na4 Bxb2 21.Nxb2 Rc2
22.Nd1 Rd8 23.Ne3 Rb2 24.Rfd1 Rd3 25.Rxd3 Nxd3 26.Nd1 Re2 27.a3 Kg7 28.Kf3 Re1
29.Rb1 Nc5 30.b4 Ne4 31.Rb2 Nxg3 32.hxg3 Rxd1 33.Rb3 h5 34.Re3 Kf6 35.Rc3 Ke6
36.Rc7 Rd7 37.Rc8 Rd3+  0-1